Perico trepa por Chile
Guardat en:
| Autor principal: | |
|---|---|
| Altres autors: | |
| Format: | Llibre |
| Idioma: | espanyol |
| Publicat: |
Santiago
Universitaria
1991
|
| Edició: | 24a. ed |
| Matèries: | |
| Etiquetes: |
Afegir etiqueta
Sense etiquetes, Sigues el primer a etiquetar aquest registre!
|
MARC
| LEADER | 00000nam a2200000 a 4500 | ||
|---|---|---|---|
| 001 | UCH3842 | ||
| 003 | CL-VaPUC | ||
| 005 | 20230531074403.0 | ||
| 008 | 090818e19910000CL |||||||||||||||||spa|d | ||
| 999 | |c 335249 |d 335247 | ||
| 040 | |c Pontificia Universidad Católica de Valparaíso | ||
| 082 | 0 | 4 | |a Ch863 |b PAZ |2 21 |
| 100 | |a Paz, Marcela |e autora |9 881017 | ||
| 245 | 1 | 0 | |a Perico trepa por Chile |
| 250 | |a 24a. ed | ||
| 260 | |a Santiago |b Universitaria |c 1991 | ||
| 300 | |a 293 p | ||
| 583 | |a last modification |c 20170710 04:36:09 |k Rodrigo Vera | ||
| 650 | 0 | |a Novelas chilenas |9 265425 | |
| 650 | 0 | |a Literatura chilena |9 308278 | |
| 700 | |a Morel Chaigneau, Alicia |e autora |9 626523 | ||
| 942 | |c BK |2 ddc | ||
| 945 | |d 20090818 00:00:00 |a lazolas | ||